Parliamentary Library, Research and Information Services of Western Europe (Record no. 29)

MARC details
000 -LEADER
fixed length control field 00452nam a2200157Ia 4500
008 - FIXED-LENGTH DATA ELEMENTS--GENERAL INFORMATION
fixed length control field 240428s9999||||xx |||||||||||||| ||und||
041 ## - LANGUAGE CODE
Language code of text/sound track or separate title eng
082 ## - DEWEY DECIMAL CLASSIFICATION NUMBER
Classification number 026.328P
100 ## - MAIN ENTRY--PERSONAL NAME
Personal name Tanfield, Jennifer ( ed.)
245 #0 - TITLE STATEMENT
Title Parliamentary Library, Research and Information Services of Western Europe
260 ## - PUBLICATION, DISTRIBUTION, ETC.
Name of publisher, distributor, etc. Dick Toornstra
Place of publication, distribution, etc. Brussels
Date of publication, distribution, etc. 2000
300 ## - PHYSICAL DESCRIPTION
Extent 295p.: tabs
650 ## - SUBJECT ADDED ENTRY--TOPICAL TERM
Topical term or geographic name entry element Parliamentary Library Information Services
942 ## - ADDED ENTRY ELEMENTS (KOHA)
Koha item type Books
Holdings
Withdrawn status Lost status Damaged status Not for loan Home library Current library Shelving location Date acquired Total checkouts Full call number Date last seen Copy number Price effective from Koha item type
        Main Library Main Library Reference 22/07/2021   026.328P 707 C1 29/04/2024 1 29/04/2024 Books
©2026  Parliament of Ghana Library - All rights reserved